00818 2200301 4500001002100000005001500021035002000036007000300056008004100059040001700100100002900117245006900146250001200215300003100227504002500258020002200283041000800305082001000313084001600323090002000339260004000359650001000399850001000409990002500419990002400444990002400468990002400492INLIS00000000000183420260603032759 a0010-0120000277ta260603 0  aSBPUPADbind0 aMuhammad Syafi'i Masykur1 aAgar Khusuk dalam Shalat Tahajud dan Dhuha /cEditor, M. Syafi'i a.-cet.1 a142 hlm. :bilus. ;c18 cm aBibliografi, hlm 143 a978-602-19950-7-50 aind a297.3 a297.3 MUH a a297.3 MUH a 2-4 a.--Yogyakarta :bShira Media,c2015 4aAgama aPUPAD a32.540/APBD/DPK/2019 a32537/APBD/DPK/2019 a32530/APBD/DPK/2019 a32539/APBD/DPK/2019